100 Most Important U.S. Cities According to ChatGPT - Statistics

General Stats
  • This quiz has been taken 408 times
  • The average score is 74 of 100
Answers on the Map
Answers color-coded by a green-red scale on the quiz's map according to % correct below.
 
Answer Stats
# City State % Correct
1 New York NY
99%
21 Las Vegas NV
97%
3 Los Angeles CA
97%
4 Chicago IL
96%
11 Dallas TX
96%
6 Boston MA
95%
8 Miami FL
95%
12 Seattle WA
95%
2 Washington DC
95%
15 Denver CO
94%
9 Houston TX
94%
16 Phoenix AZ
94%
5 San Francisco CA
94%
17 Detroit MI
93%
20 Portland OR
93%
87 Portland ME
93%
13 San Diego CA
93%
23 Austin TX
92%
26 Indianapolis IN
92%
7 Philadelphia PA
92%
14 New Orleans LA
91%
10 Atlanta GA
90%
81 Jackson MS
90%
32 Salt Lake City UT
90%
22 San Antonio TX
90%
24 Nashville TN
89%
44 Oklahoma City OK
89%
28 Orlando FL
89%
45 Sacramento CA
89%
42 Jacksonville FL
88%
18 Minneapolis MN
88%
27 Columbus OH
87%
19 Baltimore MD
86%
30 Kansas City MO
85%
43 Memphis TX
85%
50 Albuquerque NM
84%
25 Charlotte NC
84%
36 Cincinnati OH
83%
29 Pittsburgh PA
83%
35 St. Louis MO
83%
64 Boise ID
82%
53 Fort Worth TX
82%
91 Honolulu HI
82%
51 Anchorage AK
81%
39 Buffalo NY
81%
33 Milwaukee WI
81%
31 Raleigh NC
80%
37 Richmond VA
80%
56 Baton Rouge LA
79%
40 Louisville KY
79%
58 Little Rock AR
77%
38 Providence RI
77%
63 Reno NV
77%
47 Birmingham AL
76%
49 Omaha NE
76%
46 Tucson AZ
76%
55 Des Moines IA
75%
72 Santa Fe NM
75%
73 Tallahassee FL
75%
52 Madison WI
74%
48 Fresno CA
73%
41 Hartford CT
72%
83 Salem OR
72%
88 Montgomery AL
70%
62 Savannah GA
70%
71 Springfield MO
70%
82 Springfield IL
70%
69 Charleston SC
68%
57 Spokane WA
68%
59 Mobile AL
67%
70 Wichita KS
67%
79 Corpus Christi TX
64%
34 New Haven CT
64%
60 Lexington KY
63%
54 Toledo OH
63%
67 Knoxville TN
62%
85 Fargo ND
61%
80 Sioux Falls SD
61%
66 Durham NC
56%
74 Eugene OR
56%
65 Grand Rapids MI
56%
90 Juneau AK
56%
77 Bakersfield CA
55%
84 Augusta GA
54%
61 Chattanooga TN
54%
76 Fort Wayne IN
54%
78 Amarillo TX
53%
93 Fort Lauderdale FL
51%
75 Huntsville AL
51%
100 Boulder CO
50%
96 Annapolis MD
48%
86 Manchester NH
48%
89 Wilmington DE
47%
94 Aspen CO
41%
92 Santa Barbara CA
40%
99 Santa Monica CA
37%
68 Greenville SC
35%
95 Newport RI
33%
97 Santa Cruz CA
25%
98 Portsmouth NH
24%
No matching quizzes found
Score Distribution
Percent of People with Each Score
Percentile by Number Answered
Your Score History
You have not taken this quiz